000 00493nam a2200133 a 4500
008 120416s1967 ||||||||||||||||| || u
050 _aTK 7871.85 Sem
100 _aThomas, D.G
245 1 0 _aII-VI Semiconducting Compounds
_cedited by D.G.Thomas
260 _aNew York
_bW.A. Benjamin Inc
_c1967
300 _axiv, 148p. : ill
350 _a0.00
995 _D0.00
_FCBU-MAIN LIBRARY (Kitwe)
_H1
_I4.00
_UDAMAGED
_ZMain Library Open Access Collection
999 _c46158
_d46158